[Event "Lanaudiere U1400"]
[Site "Repentigny CAN"]
[Date "2008.08.16"]
[Round "3"]
[White "Gonzalez, Jesus"]
[Black "Cvetkovic, Simeon"]
[Result "1-0"]
[WhiteElo "1353"]
[BlackElo "1264"]
[PlyCount "52"]
[GameId "2160767910336720"]
[EventDate "2008.08.15"]
[EventType "swiss"]
[EventRounds "5"]
[EventCountry "CAN"]
[SourceTitle "FQE 05"]

1. e4 c5 2. Nc3 Nc6 3. a3 g6 4. Bc4 Bg7 5. Nge2 a6 6. d3 Nf6 7. O-O O-O 8. f4 d6 9. Ng3 b5 10. Ba2 e6 11. Bd2 d5 12. e5 Nd7 13. Nce2 Nb6 14. c3 Bb7 15. Qc2 Rc8 16. Rae1 Qd7 17. h4 h5 18. Be3 d4 19. Bf2 Rfd8 20. Ne4 Ne7 21. Rd1 Nf5 22. N2g3 Nxh4 23. Nxh5 Bxe4 24. Bxh4 Re8 25. Nxg7 Kxg7 26. Bf6+ Kg8 1-0

[Event "Lanaudiere U1400"]
[Site "Repentigny CAN"]
[Date "2008.08.16"]
[Round "3"]
[White "Labine, Daniel"]
[Black "Ironman, Jules"]
[Result "0-1"]
[WhiteElo "1252"]
[BlackElo "1117"]
[PlyCount "62"]
[GameId "2160767910336721"]
[EventDate "2008.08.15"]
[EventType "swiss"]
[EventRounds "5"]
[EventCountry "CAN"]
[SourceTitle "FQE 05"]

1. e4 c5 2. Nf3 Nf6 3. Nc3 d6 4. d4 cxd4 5. Nxd4 e6 6. Bg5 Be7 7. Be2 a6 8. Qd2 Bd7 9. O-O-O Qc7 10. h4 b5 11. Qd3 Nc6 12. Nxc6 Bxc6 13. Bxf6 gxf6 14. f4 O-O-O 15. Bg4 d5 16. exd5 Qxf4+ 17. Kb1 Qxg4 18. Qe3 Bb7 19. g3 Kb8 20. a3 Rc8 21. Rhf1 Qc4 22. d6 Bd8 23. Rd2 Qxf1+ 24. Ka2 Qc4+ 25. Kb1 a5 26. Kc1 b4 27. Rd4 Bb6 28. d7 Bxd4 29. dxc8=Q+ Rxc8 30. Qf4+ Be5 31. Qxc4 Rxc4 0-1

[Event "Lanaudiere U1400"]
[Site "Repentigny CAN"]
[Date "2008.08.16"]
[Round "3"]
[White "Laporte, Michel"]
[Black "Beauregard, Pascal"]
[Result "0-1"]
[WhiteElo "1374"]
[BlackElo "1378"]
[PlyCount "67"]
[GameId "2160767910336722"]
[EventDate "2008.08.15"]
[EventType "swiss"]
[EventRounds "5"]
[EventCountry "CAN"]
[SourceTitle "FQE 04"]

1. e4 c5 2. Nf3 d6 3. d4 cxd4 4. Nxd4 Nf6 5. Nc3 a6 6. Bc4 e6 7. O-O b5 8. Bd3 Be7 9. Be3 Bb7 10. Ncxb5 axb5 11. Bxb5+ Nbd7 12. f3 O-O 13. Bc6 Qc7 14. Bxb7 Qxb7 15. b4 Ne5 16. c3 Rfc8 17. Qb3 Nc4 18. Bc1 Nd7 19. a4 Bf6 20. Nb5 Qc6 21. Rd1 Ndb6 22. Nd4 Bxd4+ 23. Rxd4 Rxa4 24. b5 Qa8 25. Rb1 d5 26. Qd1 Qa5 27. Qd3 Rc5 28. exd5 Nxd5 29. b6 Ncxb6 30. Rxb6 Qxb6 31. Rxa4 Rxc3+ 32. Be3 Qb7 33. Qb5 Qc8 34. Qb7 0-1

[Event "Lanaudiere U1400"]
[Site "Repentigny CAN"]
[Date "2008.08.16"]
[Round "3"]
[White "Metthe, Sylvain"]
[Black "Wang, Kelly"]
[Result "0-1"]
[WhiteElo "1220"]
[BlackElo "1216"]
[PlyCount "90"]
[GameId "2160767910336723"]
[EventDate "2008.08.15"]
[EventType "swiss"]
[EventRounds "5"]
[EventCountry "CAN"]
[SourceTitle "FQE 05"]

1. e4 c5 2. d4 cxd4 3. Qxd4 Nc6 4. Qd1 Nf6 5. Nc3 e5 6. Bg5 Bb4 7. Nge2 h6 8. Bd2 Bxc3 9. Nxc3 d5 10. exd5 Nxd5 11. Nxd5 Qxd5 12. c4 Qd8 13. Bc3 O-O 14. Qxd8 Rxd8 15. Rd1 Be6 16. b3 Rxd1+ 17. Kxd1 Rd8+ 18. Kc1 Bg4 19. f3 Bf5 20. g4 Bd3 21. Bg2 Nd4 22. Bxd4 exd4 23. Re1 Bg6 24. Kd2 Kf8 25. f4 f5 26. gxf5 Bxf5 27. Bxb7 d3 28. Be4 Bxe4 29. Rxe4 Kf7 30. Re3 Rd4 31. Rxd3 Rxf4 32. Rd7+ Kf6 33. Rxa7 Rf2+ 34. Ke3 Rxh2 35. Rd7 Rxa2 36. Rd2 Rxd2 37. Kxd2 g5 38. c5 g4 39. c6 Ke7 40. b4 Kd6 41. b5 g3 42. Kc3 g2 43. Kb4 g1=Q 44. Ka5 Qa7+ 45. Kb4 h5 0-1

[Event "Lanaudiere U1400"]
[Site "Repentigny CAN"]
[Date "2008.08.17"]
[Round "4"]
[White "Beauregard, Pascal"]
[Black "Gonzalez, Jesus"]
[Result "1-0"]
[WhiteElo "1378"]
[BlackElo "1353"]
[PlyCount "141"]
[GameId "2160767910336725"]
[EventDate "2008.08.15"]
[EventType "swiss"]
[EventRounds "5"]
[EventCountry "CAN"]
[SourceTitle "FQE 04"]

1. e4 e6 2. d4 Ne7 3. c4 Ng6 4. Nc3 Be7 5. Nf3 c5 6. Be3 cxd4 7. Bxd4 O-O 8. Bd3 Nc6 9. Be3 b6 10. a3 Bb7 11. O-O a6 12. b4 Rc8 13. Rc1 f6 14. Qb3 Nce5 15. Nxe5 Nxe5 16. Be2 f5 17. f4 Ng6 18. exf5 Rxf5 19. Bd3 Rh5 20. Be2 Rf5 21. Bg4 Rf6 22. Ne2 Qc7 23. Qd3 Nh4 24. Bh3 Rg6 25. Ng3 Qc6 26. Rf2 Rf8 27. Rd1 d5 28. cxd5 exd5 29. Rfd2 Qd6 30. Rf2 Bf6 31. f5 Rxg3 32. hxg3 Qxg3 33. Bf4 Qxd3 34. Rxd3 g5 35. fxg6 Nxg6 36. Bg3 d4 37. Bg4 Ne7 38. Be6+ Kg7 39. Bd6 Rd8 40. Bc7 Rf8 41. Bxb6 Be4 42. Rg3+ Ng6 43. Rf4 Bc2 44. Bxd4 Bxd4+ 45. Rxd4 Ba4 46. Bc4 Rf6 47. Bd3 Be8 48. Bxg6 hxg6 49. Re3 Bb5 50. Rde4 Rf1+ 51. Kh2 Rf2 52. Kg3 Ra2 53. Re7+ Kh6 54. Rf7 Bc4 55. Rf2 Ra1 56. Kf4 Rd1 57. g4 Rd4+ 58. Re4 g5+ 59. Ke5 Rd5+ 60. Kf6 Rd6+ 61. Ke7 Rd3 62. Rxc4 Rxa3 63. Kd6 Ra4 64. Kc5 Kg6 65. b5 Ra5 66. Rb4 axb5 67. Rxb5 Ra4 68. Rb4 Ra8 69. Rb6+ Kg7 70. Rf5 Ra5+ 71. Rb5 1-0

[Event "Lanaudiere U1400"]
[Site "Repentigny CAN"]
[Date "2008.08.17"]
[Round "4"]
[White "Beladel, Brahim"]
[Black "Gelet, Seymour"]
[Result "0-1"]
[WhiteElo "1725"]
[BlackElo "1642"]
[PlyCount "118"]
[GameId "2160767910336726"]
[EventDate "2008.08.15"]
[EventType "swiss"]
[EventRounds "5"]
[EventCountry "CAN"]

1. c4 c5 2. Nc3 e6 3. e4 d6 4. g3 b6 5. Bg2 Bb7 6. Nge2 Nd7 7. d4 cxd4 8. Nxd4 a6 9. O-O Ngf6 10. Be3 Qc7 11. b3 Be7 12. Rc1 O-O 13. Nde2 Rab8 14. f3 Rfc8 15. g4 Nf8 16. Ng3 Ng6 17. g5 Ne8 18. f4 Qd8 19. Qg4 b5 20. cxb5 axb5 21. h4 d5 22. h5 Nf8 23. exd5 Bxd5 24. Nxd5 exd5 25. Nf5 Rxc1 26. Rxc1 Rb7 27. Nxe7+ Rxe7 28. Bc5 Rc7 29. b4 Ne6 30. Qf5 Nd6 31. Qe5 Nc4 32. Qxd5 Qxd5 33. Bxd5 Nxc5 34. bxc5 Rxc5 35. Bxc4 bxc4 36. Kf2 h6 37. gxh6 gxh6 38. Ke3 Rxh5 39. Rxc4 Rh2 40. a4 Ra2 41. Rc8+ Kg7 42. Ra8 Kf6 43. a5 Kf5 44. Ra7 f6 45. Rh7 Ra3+ 46. Kf2 Kxf4 47. Rxh6 Kg5 48. Rh8 Rxa5 49. Rb8 f5 50. Rb4 Ra3 51. Rb5 Kg4 52. Rb4+ f4 53. Rb2 Rh3 54. Rb8 Rh2+ 55. Kf1 Ra2 56. Rb7 Kg3 57. Rb3+ f3 58. Rb1 Ra7 59. Kg1 f2+ 0-1

[Event "Lanaudiere U1400"]
[Site "Repentigny CAN"]
[Date "2008.08.17"]
[Round "4"]
[White "Belanger, Priscillia"]
[Black "Boucher, Romeo"]
[Result "1-0"]
[WhiteElo "1063"]
[BlackElo "867"]
[PlyCount "69"]
[GameId "2160767910336727"]
[EventDate "2008.08.15"]
[EventType "swiss"]
[EventRounds "5"]
[EventCountry "CAN"]
[SourceTitle "EXT 2011"]
[Source "ChessBase"]
[SourceDate "2011.11.26"]
[SourceVersion "1"]
[SourceVersionDate "2011.11.26"]
[SourceQuality "1"]

1. e4 e6 2. Nf3 Nf6 3. Nc3 d5 4. e5 Nfd7 5. d4 Bb4 6. Bd2 Nc5 7. dxc5 Bxc5 8. Be2 Bd7 9. O-O O-O 10. Bg5 f6 11. exf6 gxf6 12. Bh6 Rf7 13. Nd2 Bf8 14. Bh5 Re7 15. Bxf8 Qxf8 16. Bf3 Bc6 17. Re1 Na6 18. Qe2 Qf7 19. Nxd5 Ree8 20. Bh5 Qg7 21. Bxe8 Bxd5 22. Bf7+ Kxf7 23. Qh5+ Kg8 24. f3 Nb4 25. Rac1 Kh8 26. c4 Rg8 27. Qg4 Qxg4 28. fxg4 Rxg4 29. cxd5 exd5 30. Re8+ Rg8 31. Rxg8+ Kxg8 32. Rxc7 Nd3 33. Rxb7 Nf4 34. Rxa7 Ne2+ 35. Kf2 1-0

[Event "Lanaudiere U1400"]
[Site "Repentigny CAN"]
[Date "2008.08.17"]
[Round "4"]
[White "Breton, Jules"]
[Black "Belanger, Gervais"]
[Result "1-0"]
[WhiteElo "1301"]
[BlackElo "1078"]
[PlyCount "42"]
[GameId "2160767739706525"]
[EventDate "2008.08.15"]
[EventType "swiss"]
[EventRounds "5"]
[EventCountry "CAN"]

1. e4 e5 2. Nf3 Nf6 3. d4 exd4 4. Nxd4 Nxe4 5. Bd3 d5 6. O-O Bc5 7. Be3 O-O 8. a3 Nc6 9. Bxe4 dxe4 10. Nxc6 Qxd1 11. Rxd1 Bxe3 12. Ne7+ Kh8 13. fxe3 Be6 14. Nd5 Rad8 15. Nbc3 f5 16. Nxc7 Bf7 17. N7b5 a6 18. Nd4 Bh5 19. Rf1 Rxd4 20. exd4 e3 21. Rae1 f4 {...} 1-0

[Event "Lanaudiere U1400"]
[Site "Repentigny CAN"]
[Date "2008.08.17"]
[Round "4"]
[White "Cvetkovic, Simeon"]
[Black "Heilmann, Uwe"]
[Result "1/2-1/2"]
[WhiteElo "1264"]
[BlackElo "1234"]
[PlyCount "66"]
[GameId "2160767910336728"]
[EventDate "2008.08.15"]
[EventType "swiss"]
[EventRounds "5"]
[EventCountry "CAN"]
[SourceTitle "FQE 05"]

1. e4 e5 2. Nf3 d6 3. d4 Nd7 4. Nc3 Be7 5. Bc4 Ngf6 6. O-O O-O 7. Re1 b6 8. Nd5 h6 9. b3 Bb7 10. Bb2 Nxd5 11. exd5 Bf6 12. dxe5 dxe5 13. Nxe5 Re8 14. Nd3 a6 15. Rxe8+ Qxe8 16. a4 Rd8 17. Bxf6 Nxf6 18. Nf4 Qe4 19. Qd2 Qe5 20. Rd1 g5 21. Ne2 Qd6 22. Ng3 Qd7 23. Qd3 Bxd5 24. Bxd5 Qxd5 25. Qxd5 Rxd5 26. Rxd5 Nxd5 27. Kf1 Kg7 28. Ke2 Kg6 29. Kf3 f5 30. Ne2 c5 31. Nc1 h5 32. g3 Kf6 33. Nd3 Ke6 1/2-1/2

[Event "Lanaudiere U1400"]
[Site "Repentigny CAN"]
[Date "2008.08.17"]
[Round "4"]
[White "Desmarais, Marie-Eve"]
[Black "Labine, Daniel"]
[Result "0-1"]
[WhiteElo "1278"]
[BlackElo "1252"]
[PlyCount "56"]
[GameId "2160767910336729"]
[EventDate "2008.08.15"]
[EventType "swiss"]
[EventRounds "5"]
[EventCountry "CAN"]

1. d4 Nf6 2. Nf3 b6 3. c3 Bb7 4. Bf4 e6 5. e3 Be7 6. Bd3 Ne4 7. Nbd2 d5 8. Qc2 f5 9. Ne5 Nd7 10. O-O Nxe5 11. Bxe5 Bf6 12. Nf3 Qe7 13. Qa4+ c6 14. Ba6 Bxa6 15. Qxc6+ Kf7 16. Rac1 Rhc8 17. Qa4 Bb7 18. Rc2 Qe8 19. Qb3 Ba6 20. Re2 Bxe2 21. Qc2 Bxf3 22. gxf3 Ng5 23. Kh1 Nxf3 24. Qe2 Nxe5 25. dxe5 Bxe5 26. e4 g6 27. exd5 exd5 28. f3 Bf4 0-1

[Event "Lanaudiere U1400"]
[Site "Repentigny CAN"]
[Date "2008.08.17"]
[Round "4"]
[White "Flood, Kevin"]
[Black "Laporte, Michel"]
[Result "1-0"]
[WhiteElo "1371"]
[BlackElo "1374"]
[PlyCount "55"]
[GameId "2160767910336730"]
[EventDate "2008.08.15"]
[EventType "swiss"]
[EventRounds "5"]
[EventCountry "CAN"]
[SourceTitle "FQE 05"]

1. c4 e5 2. g3 Nf6 3. Bg2 Nc6 4. Nc3 a6 5. b3 Bc5 6. e3 O-O 7. Nge2 Re8 8. Bb2 d6 9. O-O Ne7 10. d4 exd4 11. Nxd4 d5 12. cxd5 Nexd5 13. Qd2 Nxc3 14. Qxc3 Qe7 15. Rad1 Bg4 16. Bxb7 Bb4 17. Nc6 Qe4 18. Qxb4 Qxb4 19. Nxb4 Rab8 20. Bc6 Bxd1 21. Bxe8 Bxb3 22. Nxa6 Rb6 23. axb3 Nxe8 24. Nc5 Nd6 25. Ba3 Rb5 26. Ra1 Ra5 27. Bb2 Rxa1+ 28. Bxa1 1-0

[Event "Lanaudiere U1400"]
[Site "Repentigny CAN"]
[Date "2008.08.17"]
[Round "4"]
[White "Ironman, Jules"]
[Black "Frangakis, Evan"]
[Result "1/2-1/2"]
[WhiteElo "1117"]
[BlackElo "1343"]
[PlyCount "89"]
[GameId "2160767739706526"]
[EventDate "2008.08.15"]
[EventType "swiss"]
[EventRounds "5"]
[EventCountry "CAN"]

1. e4 e5 2. Nf3 Nc6 3. Bb5 a6 4. Ba4 Nf6 5. O-O Be7 6. Re1 b5 7. Bb3 d6 8. c3 O-O 9. h3 Na5 10. Bc2 c5 11. d4 Nd7 12. b3 cxd4 13. cxd4 Qc7 14. Bb2 Nc6 15. Nc3 Bf6 16. Nd5 Qb8 17. Qd2 Re8 18. Nh2 Bb7 19. Nxf6+ Nxf6 20. d5 Ne7 21. Qg5 h6 22. Qg3 Ng6 23. Bc1 Qc8 24. Bd1 Qc5 25. Qe3 Rac8 26. Qxc5 dxc5 27. Be3 Nxe4 28. Bf3 Nf6 29. d6 Bxf3 30. Nxf3 e4 31. Nh2 Rcd8 32. Bxc5 Nd7 33. Rac1 Nde5 34. Rc3 Nd3 35. Re2 Re6 36. f3 f5 37. fxe4 fxe4 38. Bf2 Nxf2 39. Kxf2 Rf8+ 40. Nf3 Rff6 41. Rce3 Kf7 42. Rxe4 Rxe4 43. Rxe4 Rxd6 44. Ne5+ Nxe5 45. Rxe5 {...} 1/2-1/2

[Event "Lanaudiere U1400"]
[Site "Repentigny CAN"]
[Date "2008.08.17"]
[Round "4"]
[White "Ouimet, Olivier"]
[Black "Bilodeau-Savaria, Cendrina"]
[Result "1/2-1/2"]
[WhiteElo "1326"]
[BlackElo "1153"]
[PlyCount "129"]
[GameId "2160767910336731"]
[EventDate "2008.08.15"]
[EventType "swiss"]
[EventRounds "5"]
[EventCountry "CAN"]

1. e4 c5 2. Nf3 d6 3. Bc4 e5 4. d3 Be7 5. Nc3 Bg4 6. Nd5 Nf6 7. h3 Bxf3 8. Qxf3 Nc6 9. c3 O-O 10. h4 Rc8 11. h5 h6 12. Qg3 Kh8 13. Ne3 Qe8 14. Nf5 Rg8 15. a3 a6 16. f3 b5 17. Ba2 Rc7 18. Be3 Rc8 19. Rd1 b4 20. Rb1 Rb8 21. Bd5 Nxd5 22. exd5 Na7 23. O-O bxc3 24. bxc3 Rxb1 25. Rxb1 Nb5 26. Rb3 Qd7 27. Qg4 Bd8 28. Kf2 Ba5 29. Bd2 Bc7 30. Nxh6 Qxg4 31. Nxg4 Rb8 32. h6 gxh6 33. Nxh6 Kg7 34. Nf5+ Kf8 35. g4 f6 36. Kg3 Kf7 37. a4 Na7 38. Rxb8 Bxb8 39. Kh4 Nc8 40. Kh5 Nb6 41. a5 Nxd5 42. c4 Nb4 43. Bxb4 cxb4 44. Ne3 b3 45. Nd1 Ba7 46. g5 fxg5 47. Kxg5 Be3+ 48. Kf5 Bc1 49. Ke4 b2 50. Nxb2 Bxb2 51. Kd5 Ba3 52. d4 exd4 53. Kxd4 Bb4 54. Kd5 Bxa5 55. Kxd6 Bc7+ 56. Kxc7 a5 57. Kd7 a4 58. c5 a3 59. c6 a2 60. c7 a1=Q 61. c8=Q Qd4+ 62. Kc7 Qc5+ 63. Kb7 Qb5+ 64. Kc7 Qc4+ 65. Kb7 1/2-1/2

[Event "Lanaudiere U1400"]
[Site "Repentigny CAN"]
[Date "2008.08.17"]
[Round "4"]
[White "Soskic, Milan"]
[Black "Wang, Kelly"]
[Result "1-0"]
[WhiteElo "1270"]
[BlackElo "1216"]
[PlyCount "187"]
[GameId "2160767910336733"]
[EventDate "2008.08.15"]
[EventType "swiss"]
[EventRounds "5"]
[EventCountry "CAN"]
[SourceTitle "FQE 05"]

1. d4 Nf6 2. Nf3 d5 3. e3 Nbd7 4. Bd3 g6 5. b3 Bg7 6. Bb2 O-O 7. O-O c6 8. Qe2 Qc7 9. Nbd2 Re8 10. Ne5 Nxe5 11. dxe5 Nd7 12. f4 Nc5 13. c4 Nxd3 14. Qxd3 Bf5 15. Qe2 dxc4 16. Nxc4 Rad8 17. e4 Be6 18. Rad1 Bxc4 19. Qxc4 Rxd1 20. Rxd1 Rd8 21. Rxd8+ Qxd8 22. Qd4 Qxd4+ 23. Bxd4 b6 24. Kf2 Kf8 25. g4 Ke8 26. Ke3 e6 27. Kd3 Ke7 28. g5 Kd7 29. Kc4 c5 30. Be3 Kc6 31. Kc3 h6 32. h4 h5 33. Kc4 b5+ 34. Kc3 a5 35. Kd3 a4 36. bxa4 bxa4 37. Kc4 Bf8 38. Bd2 Kb6 39. Be3 Be7 40. Bf2 Kc6 41. Be1 Bd8 42. Bc3 Bb6 43. Bd2 Bd8 44. Be3 Be7 45. Bd2 Kb6 46. Be3 Bf8 47. Bf2 Be7 48. Be1 Bd8 49. f5 exf5 50. exf5 Be7 51. f6 Bf8 52. Bf2 Kc6 53. Be3 Kb6 54. Bd2 Ka6 55. Be3 Kb6 56. Bd2 Ka6 57. Kd5 Kb5 58. e6 fxe6+ 59. Kxe6 c4 60. Kf7 Ba3 61. Kxg6 Kc5 62. Bc3 Kd5 63. Kxh5 Ke4 64. Kg6 Kd3 65. Ba5 c3 66. Bxc3 Kxc3 67. Kf7 Kb2 68. g6 Kxa2 69. g7 Kb2 70. g8=Q Bb4 71. Qg2+ Kb3 72. Qd5+ Kc3 73. Qf3+ Kb2 74. h5 a3 75. h6 a2 76. Qe2+ Kb3 77. Qxa2+ Kxa2 78. h7 Kb3 79. h8=Q Bc3 80. Qh4 Ka3 81. Ke6 Kb3 82. f7 Bb4 83. Qd8 Kc4 84. Qd5+ Kc3 85. Ke5 Kb2 86. Qc6 Kb3 87. Kd5 Bc3 88. f8=Q Kb2 89. Qf2+ Kb3 90. Qb5+ Bb4 91. Qe3+ Kc2 92. Qbd3+ Kb2 93. Qb3+ Ka1 94. Qc1# 1-0

[Event "Lanaudiere U1400"]
[Site "Repentigny CAN"]
[Date "2008.10.17"]
[Round "4"]
[White "Blais, Vincent"]
[Black "Selmani, Sam"]
[Result "1-0"]
[WhiteElo "1234"]
[BlackElo "1153"]
[PlyCount "55"]
[GameId "2160767910336734"]
[EventDate "2008.08.15"]
[EventType "swiss"]
[EventRounds "5"]
[EventCountry "CAN"]
[SourceTitle "FQE 05"]

1. e4 c5 2. Nf3 d6 3. Nc3 Nf6 4. Bc4 e6 5. d3 Be7 6. O-O O-O 7. Bf4 a6 8. a4 d5 9. exd5 exd5 10. Bb3 h6 11. h3 Be6 12. Qe2 Qc8 13. Rfd1 c4 14. dxc4 dxc4 15. Ba2 Re8 16. Nd4 Bb4 17. Nxe6 Bxc3 18. bxc3 b5 19. Qf3 Qc6 20. Qxc6 Nxc6 21. Nc7 Ne4 22. Nxe8 Rxe8 23. Re1 Re6 24. f3 Nxc3 25. Rxe6 fxe6 26. Kh1 Nxa4 27. Bxc4 Kf7 28. Rxa4 1-0

[Event "Lanaudiere U1400"]
[Site "Repentigny CAN"]
[Date "2008.10.17"]
[Round "4"]
[White "Gao, Christine"]
[Black "Luo, Alan"]
[Result "0-1"]
[WhiteElo "1080"]
[BlackElo "1210"]
[PlyCount "46"]
[GameId "2160767910336735"]
[EventDate "2008.08.15"]
[EventType "swiss"]
[EventRounds "5"]
[EventCountry "CAN"]
[SourceTitle "FQE 05"]

1. e4 e5 2. Nf3 Nc6 3. d4 exd4 4. Nxd4 Nf6 5. Nc3 Bb4 6. Nxc6 bxc6 7. Bd3 d5 8. exd5 cxd5 9. O-O O-O 10. Bd2 Ng4 11. Kh1 Qh4 12. h3 Nxf2+ 13. Rxf2 Qxf2 14. a3 Bd6 15. Qe1 Qf6 16. Qe2 Bd7 17. Rf1 Qd8 18. Nxd5 Bc6 19. Nc3 Re8 20. Qf2 Kh8 21. Qxf7 Qh4 22. Qf2 Qxh3+ 23. Kg1 Qh2# 0-1

[Event "Lanaudiere U1400"]
[Site "Repentigny CAN"]
[Date "2008.08.17"]
[Round "5"]
[White "Bilodeau-Savaria, Cendrina"]
[Black "Belanger, Priscillia"]
[Result "1/2-1/2"]
[WhiteElo "1153"]
[BlackElo "1063"]
[PlyCount "104"]
[GameId "2160767910336736"]
[EventDate "2008.08.15"]
[EventType "swiss"]
[EventRounds "5"]
[EventCountry "CAN"]

1. d4 d5 2. c4 dxc4 3. e3 e6 4. Bxc4 Nf6 5. Nc3 Bb4 6. Bd2 O-O 7. Nf3 Nc6 8. O-O Bd7 9. Qc2 Qe7 10. a3 Ba5 11. b4 Bb6 12. Na4 e5 13. Nxb6 axb6 14. d5 Na7 15. e4 c6 16. Bc3 cxd5 17. exd5 e4 18. Bxf6 Qxf6 19. Qxe4 Nb5 20. Bxb5 Bxb5 21. Rfe1 Rfd8 22. Red1 Rd7 23. Re1 h6 24. Red1 Rad8 25. a4 Rxd5 26. axb5 Rxd1+ 27. Rxd1 Rxd1+ 28. Ne1 Qc3 29. Kf1 Qb2 30. Qe2 Rb1 31. Qe8+ Kh7 32. Qe2 Qxb4 33. Qd3+ g6 34. Qe3 Qxb5+ 35. Kg1 Qb4 36. Kf1 b5 37. Qe8 Qc4+ 38. Kg1 b4 39. h3 Qc3 40. Kf1 b3 41. Qxf7+ Kh8 42. Qf8+ Kh7 43. Qf7+ Qg7 44. Qe6 Rxe1+ 45. Qxe1 b2 46. Qb4 h5 47. Ke2 Kh6 48. Kd3 Qf6 49. f3 Qf5+ 50. Ke2 Qc2+ 51. Ke3 b1=Q 52. Qf8+ Kh7 1/2-1/2

[Event "Lanaudiere U1400"]
[Site "Repentigny CAN"]
[Date "2008.08.17"]
[Round "5"]
[White "Boucher, Romeo"]
[Black "Metthe, Sylvain"]
[Result "0-1"]
[WhiteElo "867"]
[BlackElo "1230"]
[PlyCount "40"]
[GameId "2160767910336737"]
[EventDate "2008.08.15"]
[EventType "swiss"]
[EventRounds "5"]
[EventCountry "CAN"]
[SourceTitle "FQE 05"]

1. d4 e6 2. Nc3 d5 3. e4 c6 4. Bd3 g6 5. Nf3 Nd7 6. Qe2 Bg7 7. e5 a6 8. Ng5 c5 9. Qf3 Nh6 10. Be3 cxd4 11. Bd2 Nxe5 12. Qe2 dxc3 13. Be3 Nxd3+ 14. Qxd3 cxb2 15. Rb1 O-O 16. O-O Bd7 17. Qd2 Bb5 18. Rfe1 Qc7 19. Nf3 Bc3 20. Qd3 Bxd3 0-1

[Event "Lanaudiere U1400"]
[Site "Repentigny CAN"]
[Date "2008.08.17"]
[Round "5"]
[White "Gonzalez, Jesus"]
[Black "Blais, Vincent"]
[Result "1-0"]
[WhiteElo "1353"]
[BlackElo "1234"]
[PlyCount "77"]
[GameId "2160767910336740"]
[EventDate "2008.08.15"]
[EventType "swiss"]
[EventRounds "5"]
[EventCountry "CAN"]
[SourceTitle "FQE 05"]

1. e4 e5 2. Bc4 Nc6 3. Nf3 d6 4. d3 Na5 5. Bb3 Bg4 6. Be3 Nxb3 7. axb3 a6 8. Nbd2 Nf6 9. h3 Bd7 10. Nc4 b5 11. Ncd2 c5 12. Nh2 Be7 13. O-O O-O 14. f4 exf4 15. Bxf4 Qb6 16. c4 b4 17. Ndf3 Nh5 18. Be3 Rfd8 19. Qe1 Bf6 20. g4 Bxb2 21. gxh5 Bxa1 22. Qxa1 h6 23. Ng4 Bxg4 24. hxg4 Rf8 25. g5 hxg5 26. Bxg5 f6 27. Be3 Qc7 28. Kf2 Qf7 29. h6 g6 30. Ke2 Qe6 31. Qe1 Kh7 32. Qg3 Ra7 33. Ng5+ fxg5 34. Rxf8 Qe7 35. Rf2 Kxh6 36. Bxg5+ Qxg5 37. Rh2+ Qh5+ 38. Rxh5+ gxh5 39. Qxd6+ 1-0

[Event "Lanaudiere U1400"]
[Site "Repentigny CAN"]
[Date "2008.08.17"]
[Round "5"]
[White "Heilmann, Uwe"]
[Black "Soskic, Milan"]
[Result "0-1"]
[WhiteElo "1234"]
[BlackElo "1270"]
[PlyCount "128"]
[GameId "2160767739706528"]
[EventDate "2008.08.15"]
[EventType "swiss"]
[EventRounds "5"]
[EventCountry "CAN"]

1. e4 c5 2. Nf3 d6 3. Bc4 e6 4. c3 Be7 5. d4 Nf6 6. Qc2 cxd4 7. cxd4 O-O 8. Rf1 b6 9. Nc3 Ba6 10. Bxa6 Nxa6 11. a3 Rc8 12. Qe2 Nc7 13. Bf4 Nh5 14. Be3 Nf6 15. Rd1 d5 16. e5 Ne4 17. Nxe4 dxe4 18. Nd2 Qd5 19. Nb1 Nb5 20. f4 Qb3 21. Rf2 f6 22. Kf1 f5 23. Kg1 Rc7 24. Qe1 Rfc8 25. Rfd2 Rc2 26. Rxc2 Rxc2 27. Nd2 Qd5 28. Rc1 Rxc1 29. Qxc1 Qd7 30. Qc4 Nc7 31. h3 Nd5 32. Kf2 Bh4+ 33. Ke2 Bg3 34. Nf1 Nxf4+ 35. Bxf4 Bxf4 36. g3 Bg5 37. Ne3 Bxe3 38. Kxe3 g6 39. g4 Kg7 40. Qb4 Kf7 41. Qe1 Qa4 42. Qc3 Qd7 43. Qb4 Ke8 44. Qc4 Ke7 45. Qb4+ Ke8 46. Qc3 Ke7 47. Kf4 Kf7 48. Ke3 Ke7 49. Qd2 Qa4 50. Kf4 Qc4 51. Ke3 Qb3+ 52. Qc3 Qd5 53. Qb4+ Ke8 54. Kf4 Qd7 55. Qc4 Qd5 56. Qc8+ Qd8 57. Qxe6+ Qe7 58. Qg8+ Kd7 59. Qd5+ Ke8 60. Qg8+ Kd7 61. d5 e3 62. Qa8 e2 63. Qc6+ Kd8 64. Qc3 g5+ {...} 0-1

[Event "Lanaudiere U1400"]
[Site "Repentigny CAN"]
[Date "2008.08.17"]
[Round "5"]
[White "Laporte, Michel"]
[Black "Labine, Daniel"]
[Result "0-1"]
[WhiteElo "1374"]
[BlackElo "1282"]
[PlyCount "80"]
[GameId "2160767910336741"]
[EventDate "2008.08.15"]
[EventType "swiss"]
[EventRounds "5"]
[EventCountry "CAN"]
[SourceTitle "FQE 05"]

1. e4 c5 2. Nf3 d6 3. d4 cxd4 4. Nxd4 Nf6 5. Nc3 a6 6. Bc4 e6 7. O-O Nc6 8. Re1 Be7 9. f3 Bd7 10. Be3 b5 11. Bxb5 axb5 12. Ndxb5 Qb8 13. Qe2 O-O 14. a4 e5 15. Qc4 Re8 16. Nd5 Na5 17. Qd3 Nxd5 18. exd5 Bxb5 19. axb5 Nb7 20. Ra3 Nc5 21. Bxc5 dxc5 22. Rxa8 Qxa8 23. Rxe5 Qa1+ 24. Qf1 Qxb2 25. Qe1 Kf8 26. c3 Qxb5 27. c4 Qb8 28. f4 Qd6 29. f5 Ra8 30. g4 Bf6 31. Re4 Bd4+ 32. Kg2 g6 33. Qh4 Qb6 34. Qe7+ Kg7 35. Re6 Qd8 36. Qb7 Kg8 37. Re7 Qb8 38. Qd7 Ra2+ 39. Kf3 Rf2+ 40. Ke4 Qf4+ 0-1

[Event "Lanaudiere U1400"]
[Site "Repentigny CAN"]
[Date "2008.08.17"]
[Round "5"]
[White "Luo, Alan"]
[Black "Beauregard, Pascal"]
[Result "0-1"]
[WhiteElo "1215"]
[BlackElo "1378"]
[PlyCount "74"]
[GameId "2160767910336742"]
[EventDate "2008.08.15"]
[EventType "swiss"]
[EventRounds "5"]
[EventCountry "CAN"]
[SourceTitle "FQE 04"]

1. e4 c5 2. Nf3 d6 3. d4 cxd4 4. Nxd4 Nf6 5. Nc3 a6 6. Bc4 e6 7. Bb3 Be7 8. O-O b5 9. a3 Bd7 10. Be3 Qc7 11. f4 Nc6 12. Kh1 O-O 13. Qf3 Nxd4 14. Bxd4 Bc6 15. Qe2 d5 16. e5 Ne4 17. Rf3 Nxc3 18. Rxc3 Qb7 19. Qg4 Qd7 20. Rg3 g6 21. Qh3 f5 22. Qh5 Rf7 23. Re1 Qe8 24. Ree3 Rg7 25. Qd1 a5 26. Bb6 Bh4 27. Rh3 Bf2 28. Ref3 Bxb6 29. Qe1 Rd8 30. c3 d4 31. cxd4 Bxf3 32. Rxf3 Rxd4 33. h3 Rc7 34. Qa1 Qc8 35. Qa2 Kf7 36. Kh2 a4 37. Bxa4 bxa4 0-1

[Event "Lanaudiere U1400"]
[Site "Repentigny CAN"]
[Date "2008.08.17"]
[Round "5"]
[White "Selmani, Sam"]
[Black "Cvetkovic, Simeon"]
[Result "1/2-1/2"]
[WhiteElo "1153"]
[BlackElo "1264"]
[PlyCount "72"]
[GameId "2160767910336743"]
[EventDate "2008.08.15"]
[EventType "swiss"]
[EventRounds "5"]
[EventCountry "CAN"]

1. d4 Nf6 2. c4 c5 3. d5 e6 4. Nc3 exd5 5. cxd5 d6 6. e4 g6 7. h3 Bg7 8. Nf3 O-O 9. Qc2 a6 10. a4 Nbd7 11. Bf4 Qc7 12. Nd2 Ne5 13. Bxe5 dxe5 14. Nc4 Ne8 15. a5 Bd7 16. Nb6 Rd8 17. Be2 Nd6 18. Nca4 Bxa4 19. Rxa4 Nc8 20. b4 Nxb6 21. axb6 Qxb6 22. bxc5 Qc7 23. O-O f5 24. f3 Bh6 25. c6 Rd6 26. Rb1 Rb8 27. Bxa6 bxa6 28. Rxb8+ Qxb8 29. Rxa6 Qc8 30. Qa2 Qc7 31. Kf2 fxe4 32. Ra8+ Bf8 33. fxe4 Qb6+ 34. Ke2 Qb5+ 35. Kf2 Qc5+ 36. Ke2 Qb5+ 1/2-1/2